000 01248cam a2200337 i 4500
001 768714001
003 CO-MdFUSB
005 20201214122252.0
007 ta
008 030728t1986 it r 000 0 eng d
020 _a0851836704
040 _aCO-BoPUJ
_bspa
_cCO-MdFUSB
_dCO-MdFUSBC
_erda
041 0 _aeng
082 0 4 _223
_a261.52
_bG946
110 2 _aCongregation for Catholic Education
245 1 0 _aGuide to the training of future priests concerning the instruments of social communication
_c/ Congregation for Catholic Education
250 _aprimera edición
264 1 _aRoma :
_bCatholic Truth Society,
_c[1986]
264 4 _c© 1986
300 _a54 páginas.
_c; 24 cm
336 _2rdacontent
_atexto
_btxt
337 _2rdamedia
_asin mediación
_bn
338 _2rdacarrier
_avolumen
_bnc
505 _aPrincipios comunes. -- Normas particulares. -- Comunicación humana. -- Hombres e instrumentos de comunicación de la iglesia. -- Un enfoque pastoral a los medios de comunicación en general. -- Enfoque pastoral a los medios individuales.
563 _aRústico
653 _aIglesia y medios de comunicación.
942 _cBK
945 _aJTF-925
999 _c66145
_d66145